[Event "IECG WC.2008.S.00007"]
[Site "IECG email"]
[Date "2005.07.17"]
[Round "?"]
[White "Lim, John"]
[Black "Mauro, Lucio"]
[Result "1/2-1/2"]
[WhiteElo "2060"]
[BlackElo "2205"]
[PlyCount "47"]
[EventDate "2005.07.17"]
[EventType "tourn (corr)"]
[EventRounds "6"]
[SourceTitle "Corr 2008"]
[Source "ChessBase"]
[SourceDate "2008.06.24"]
[SourceVersion "1"]
[SourceVersionDate "2008.06.24"]
[SourceQuality "1"]

1. e4 c5 2. Nf3 Nc6 3. d4 cxd4 4. Nxd4 Nf6 5. Nc3 e5 6. Ndb5 d6 7. Bg5 a6 8. Na3 b5 9. Nd5 Be7 10. Bxf6 Bxf6 11. c3 Bg5 12. Nc2 0-0 13. a4 bxa4 14. Rxa4 a5 15. Nce3 Rb8 16. b3 Kh8 17. Bc4 g6 18. 0-0 f5 19. exf5 gxf5 20. Re1 Bd7 21. Nf1 e4 22. Ra3 Bh6 23. Ng3 Ne5 24. Be2 1/2-1/2

[Event "IECG QA.2003.0.00035 email"]
[Site "IECG email"]
[Date "2003.04.10"]
[Round "2"]
[White "Taelemans, Werner"]
[Black "Lim, John"]
[Result "1/2-1/2"]
[WhiteElo "2182"]
[BlackElo "2100"]
[PlyCount "67"]
[EventDate "2003.04.10"]
[EventType "tourn (corr)"]
[EventRounds "6"]
[SourceTitle "Corr 2008"]
[Source "ChessBase"]
[SourceDate "2008.06.24"]
[SourceVersion "1"]
[SourceVersionDate "2008.06.24"]
[SourceQuality "1"]

1. e4 c5 2. Nc3 Nc6 3. g3 d6 4. Bg2 g6 5. d3 Bg7 6. Be3 Nf6 7. h3 0-0 8. Qd2 Bd7 9. Nge2 Rc8 10. 0-0 a6 11. Bh6 Bxh6 12. Qxh6 Nd4 13. Rac1 Qb6 14. b3 Qb4 15. Qe3 b5 16. f4 Qa5 17. e5 Ne8 18. Nd5 Nf5 19. Qf2 e6 20. Nf6+ Nxf6 21. exf6 d5 22. g4 Nd6 23. Qh4 c4 24. f5 Qd2 25. Nf4 cxd3 26. Qh6 Ne8 27. g5 gxf5 28. Nxd3 Rxc2 29. Rxc2 Qxc2 30. Ne5 Bc6 31. Kh1 Qc5 32. b4 Qd6 33. Rf4 Qxe5 34. Rh4 1/2-1/2